000 02409nam0a2200421 i 4500
001 RU\NLR\BIBL_A\010926097
005 20260408073335.0
021 _aRU
_b2015-91314
_95628
029 1 0 _aRU
_b56430-2015
_cГОСТ Р
029 1 0 _aRU
_b18:2010
_cGHTF/SG3/N
035 _a(NLR Aleph) 010926097
090 _a10700793
_c10700793
100 _a20151216d2015 k y0rusy50 ca
101 0 _arus
102 _aRU
105 _aa l 000|y
200 1 _aСистема менеджмента качества
_iИзделия медицинские
_iРуководство по корректирующим и предупреждающим действиям и связанным процессам системы менеджмента качества
_dQuality management system. Medical devices. Guidance on corrective action and preventive action and related QMS processes
_zeng
_eГОСТ Р 56430-2015
_eGHTF/SG3/N18:2010
_fподгот. МЕДИТЕСТ ( ООО "МЕДИТЕСТ")
205 _aИзд. офиц.
210 _aМосква
_cСтандартинформ
_d2015
215 _aIV, 19 с.
_cил.
_d29
225 1 _aНациональный стандарт Российской Федерации
_fФедер. агентство по техн. регулированию и метрологии
239 _aВвед. 01.07.2016
510 1 _aQuality management system
_zeng
510 1 _aMedical devices
_zeng
510 1 _aGuidance on corrective action and preventive action and related QMS processes
_zeng
517 1 _aГОСТ Р 56430-2015
517 1 _aGHTF/SG3/N18:2010
606 1 _aХимико-фармацевтическая промышленность
_jСтандарты
_xКачество продукции
_xУправление
_92382858
_3RU\NLR\AUTH\661421572
610 0 _aкачество
675 _a006.83:006.354
686 _a03.120
_v2000
_2oks
686 1 _aУ30(2)695.2-823.2-21я8
712 0 2 _4900
_a"Медитест", общество с ограниченной ответственностью
_cМосква
_9536782
_3RU\NLR\AUTH\880436228
712 0 1 _4725
_aРоссийская Федерация
_bФедеральное агентство по техническому регулированию и метрологии
_9630205
_3RU\NLR\AUTH\8810064304
942 _cBOOK
980 _aNBR